000 00202nam a2200097Ia 4500
008 190216s9999||||xx |||||||||||||| ||und||
100 _aAnantha Krishnan
245 0 _aHeat
260 _bNull
942 _cBK
999 _c32794
_d32794